An inventory of market news reports for poultry (Record no. 12515)
[ view plain ]
| 000 -LEADER | |
|---|---|
| fixed length control field | 00962cam a2200241 4500 |
| 001 - CONTROL NUMBER | |
| control field | agr68000211 |
| 003 - CONTROL NUMBER IDENTIFIER | |
| control field | DLC |
| 005 - DATE AND TIME OF LATEST TRANSACTION | |
| control field | 20260227111030.0 |
| 008 - FIXED-LENGTH DATA ELEMENTS--GENERAL INFORMATION | |
| fixed length control field | 690916s1968 dcu b 000 0 eng c |
| 010 ## - LIBRARY OF CONGRESS CONTROL NUMBER | |
| LC control number | agr68000211 |
| 040 ## - CATALOGING SOURCE | |
| Original cataloging agency | U.S. Nat'l. Agr. Libr. |
| Transcribing agency | DLC |
| Modifying agency | DLC |
| 070 0# - NATIONAL AGRICULTURAL LIBRARY CALL NUMBER | |
| Classification number | A281.9 Ag83E no. 374 |
| 100 1# - MAIN ENTRY--PERSONAL NAME | |
| Personal name | Faber, Frederic Lewis, |
| Dates associated with a name | 1914- |
| 245 13 - TITLE STATEMENT | |
| Title | An inventory of market news reports for poultry |
| Statement of responsibility, etc. | [by Fred L. Faber and Dennis E. Stringer. |
| 260 ## - PUBLICATION, DISTRIBUTION, ETC. | |
| Place of publication, distribution, etc. | Washington] |
| Name of publisher, distributor, etc. | Economic Research Service, U.S. Dept. of Agriculture |
| Date of publication, distribution, etc. | [1968] |
| 300 ## - PHYSICAL DESCRIPTION | |
| Extent | ii, 33 p. |
| Dimensions | 26 cm. |
| 490 1# - SERIES STATEMENT | |
| Series statement | [United States. Dept. of Agriculture. Economic Research Service] ERS |
| Volume/sequential designation | 374 |
| 650 #0 - SUBJECT ADDED ENTRY--TOPICAL TERM | |
| Topical term or geographic name entry element | Poultry |
| General subdivision | Marketing |
| -- | Bibliography. |
| 650 #3 - SUBJECT ADDED ENTRY--TOPICAL TERM | |
| Topical term or geographic name entry element | Poultry |
| General subdivision | Marketing |
| -- | Bibliography. |
| 650 #3 - SUBJECT ADDED ENTRY--TOPICAL TERM | |
| Topical term or geographic name entry element | Market news service |
| General subdivision | Bibliography. |
| 700 1# - ADDED ENTRY--PERSONAL NAME | |
| Personal name | Stringer, Dennis E., |
| Relator term | joint author. |
| 810 10 - SERIES ADDED ENTRY--CORPORATE NAME | |
| Corporate name or jurisdiction name as entry element | [United States. |
| Subordinate unit | Department of Agriculture. |
| -- | Economic Research Service] |
| Title of a work | ERS |
| Volume/sequential designation | 374. |
No items available.